| 000 | 00964cam a22002774a 4500 | ||
|---|---|---|---|
| 001 | 14762480 | ||
| 005 | 20160822150634.0 | ||
| 008 | 070308s2007 xxu frb 001 0 eng d | ||
| 010 | _a2007009801 | ||
| 020 | _a9781588265388 (pbk. : alk. paper) | ||
| 040 |
_aDLC _cDLC _dDLC |
||
| 082 | 0 | 4 |
_a338.90091724 _222 _bRAP |
| 100 | 1 |
_aRapley, John, _d1963- _924298 |
|
| 245 | 1 | 0 |
_aUnderstanding development : _btheory and practice in the third world / _cJohn Rapley. |
| 250 | _a3rd ed. | ||
| 260 |
_aBoulder, United Staes ; _aLondon : _bLynne Rienner Publishers, _c2007. |
||
| 300 |
_av, 265 p. ; _c23 cm. |
||
| 500 | _aIndex : p. 251-263. | ||
| 504 | _aBibliography : p. 231-249. | ||
| 650 | 0 |
_aStructural adjustment (Economic policy) _zDeveloping countries _935876 |
|
| 650 | 0 |
_aEconomic development _910495 |
|
| 653 |
_bBUSBOL _cApril2014 |
||
| 655 |
_vtext book _933728 |
||
| 651 | 0 |
_93693 _aDeveloping countries _xEconomic policy |
|
| 942 |
_2ddc _k338.90091724 RAP |
||
| 999 |
_c18205 _d18177 |
||